Tilastot visalle Thaimaa-visa

Klikkaa tästä pelataksesi tätä visaa!

Yleistilastot

  • Tätä visaa on pelattu 371 kertaa
  • Keskiarvotulos 12 / 20

Vastaustilastot

VihjeVastaus% Oikein
PääkaupunkiBangkok
98%
Thaimaan naapurimaatLaos
92%
Luonnonkatastrofi, joka aiheutti vahinkoa
vuonna 2004
Tsunami
91%
Thaimaan naapurimaatMyanmar
88%
Yleisin uskontoBuddhalaisuus
85%
Thaimaan naapurimaatKambodža
85%
Viljellyin kasviRiisi
82%
Thaimaan naapurimaatMalesia
80%
Thaimaassa tämän henkilön loukkaaminen
on vakava rikos
Kuningas
72%
Thaimaan entinen suomenkielinen
nimi
Siam
60%
Thaimaan valuuttaBaht
58%
Suurin saari, tärkeä turistikeskusPhuket
50%
Pyhä eläinValkoinen {norsu}
46%
Niemimaa, jossa Thaimaa sijaitseeIndokiina
38%
Suuri joki Thaimaan itärajallaMekong
38%
Riisinuudeliruoka, jota usein pidetään
Thaimaan kansallisruokana
Pad thai
35%
KansallisurheilulajiThainyrkkeily
33%
Toiseksi suurin etninen ryhmäHan-kiinalaiset
31%
Meri Thaimaan länsipuolella{Andamaanien}meri
19%
Ylläolevan thainkielinen nimi
(lyhyt versio)
Krung Thep
19%

Tulosjakauma

Persentiili vastausten määrän mukaan

Jokaisen tuloksen saaneiden osuus

Tuloshistoriasi

Et ole pelannut tätä visaa